000 01144nam1a22002651i 4500
001 rc\2828285
005 20240726064717.0
035 _a(NLR Aleph) 006986360
090 _a5582892
_c5582892
100 _a20110628d1928 |||y0rusy50 ca
101 0 _arus
102 _aRU
105 _ay z |||||
200 1 _aЗаочные курсы по переподготовке библиотечных работников профсоюзных библиотек
_eУрок 1-
_fКультотд. ВЦСПС
210 _aМосква
_cкнигоизд-во ВЦСПС
_d1928
_g1-я Образцовая тип. Госиздата
215 _d23×15 см
300 _aБез тит. листа. Описано по обложке
300 _aОбложка: А. Корноухов
702 1 _aКорноухов
_bА.
_4570
710 0 2 _aЗаочные курсы по переподготовке библиотечных работников профсоюзных библиотек
_cМосква
801 0 _aRU
_bNLR
_gpsbo
801 1 _aRU
_bELAR
_2rusmarc
852 _aNLR
_bБ
_j4275/П287(1-15)
852 _aNLR
_j40/2686
942 _cBOOK